I.T.Genius Computer-6 (Record no. 5749)

MARC details
000 -LEADER
fixed length control field 00243nam a22000977a 4500
008 - FIXED-LENGTH DATA ELEMENTS--GENERAL INFORMATION
fixed length control field 170128b xxu||||| |||| 00| 0 eng d
020 ## - INTERNATIONAL STANDARD BOOK NUMBER
International Standard Book Number 9788188553327
100 ## - MAIN ENTRY--PERSONAL NAME
9 (RLIN) 2612
Personal name Chugh.R.K
245 ## - TITLE STATEMENT
Title I.T.Genius Computer-6
260 ## - PUBLICATION, DISTRIBUTION, ETC. (IMPRINT)
Place of publication, distribution, etc. New delhi
Name of publisher, distributor, etc. GRB
Date of publication, distribution, etc. 2012
Holdings
Withdrawn status Lost status Source of classification or shelving scheme Damaged status Koha normalized classification for sorting Not for loan Home library Current library Shelving location Date acquired Total Checkouts Full call number Barcode Date last seen Price effective from Koha item type
    Dewey Decimal Classification   CHU_004_000000000000000_D7   Good Samaritan School Library Good Samaritan School Library Computer Science 01/28/2017   CHU004 D-7 CHU10520 01/28/2017 01/28/2017 BOOK

Powered by Koha